City of Keokuk in 1856 : (Record no. 51977)

MARC details
000 -LEADER
fixed length control field 01025cam a22002651a 4500
001 - CONTROL NUMBER
control field rc 01000996
003 - CONTROL NUMBER IDENTIFIER
control field DLC
005 - DATE AND TIME OF LATEST TRANSACTION
control field 20260227111902.0
008 - FIXED-LENGTH DATA ELEMENTS--GENERAL INFORMATION
fixed length control field 800507s1856 iau 000 0 eng
010 ## - LIBRARY OF CONGRESS CONTROL NUMBER
LC control number rc 01000996
035 ## - SYSTEM CONTROL NUMBER
System control number (OCoLC)6289072
040 ## - CATALOGING SOURCE
Original cataloging agency DLC
Transcribing agency OCU
Modifying agency WHi
-- DLC
042 ## - AUTHENTICATION CODE
Authentication code premarc
043 ## - GEOGRAPHIC AREA CODE
Geographic area code n-us-ia
050 00 - LIBRARY OF CONGRESS CALL NUMBER
Classification number F629.K3
Item number C6
245 00 - TITLE STATEMENT
Title City of Keokuk in 1856 :
Remainder of title a view of the city, embracing its commerce and manufactures, and containing the inaugural address of Mayor Curtis, and statistical local information : also, a sketch of the Black Hawk War, and history of the Half Breed Tract /
Statement of responsibility, etc. historical and statistical matter written by Orion Clemens.
260 ## - PUBLICATION, DISTRIBUTION, ETC.
Place of publication, distribution, etc. Keokuk [Iowa] :
Name of publisher, distributor, etc. Printd by O. Clemens,
Date of publication, distribution, etc. 1856.
300 ## - PHYSICAL DESCRIPTION
Extent 44 p. ;
Dimensions 23 cm.
651 #0 - SUBJECT ADDED ENTRY--GEOGRAPHIC NAME
Geographic name Keokuk (Iowa)
General subdivision Description and travel.
651 #0 - SUBJECT ADDED ENTRY--GEOGRAPHIC NAME
Geographic name Keokuk (Iowa)
General subdivision Commerce.
650 #0 - SUBJECT ADDED ENTRY--TOPICAL TERM
Topical term or geographic name entry element Industries
Geographic subdivision Iowa
-- Keokuk.
650 #0 - SUBJECT ADDED ENTRY--TOPICAL TERM
Topical term or geographic name entry element Black Hawk War, 1832.
700 1# - ADDED ENTRY--PERSONAL NAME
Personal name Clemens, Orion,
Dates associated with a name 1825-1897.
740 0# - ADDED ENTRY--UNCONTROLLED RELATED/ANALYTICAL TITLE
Uncontrolled related/analytical title Keokuk in 1856.

No items available.

Powered by Koha